La doctrina del shock: el auge del capitalismo del desastre
Uloženo v:
| Hlavní autor: | |
|---|---|
| Médium: | Kniha |
| Jazyk: | španělština |
| Vydáno: |
Buenos Aires
Paidós
2014
|
| Vydání: | 1a. ed |
| Edice: | Paidós Bolsillo, 29
|
| Témata: | |
| Tagy: |
Přidat tag
Žádné tagy, Buďte první, kdo vytvoří štítek k tomuto záznamu!
|
MARC
| LEADER | 00000cam a2200000 a 4500 | ||
|---|---|---|---|
| 001 | UCE7744 | ||
| 003 | CL-VaPUC | ||
| 008 | 150703e20140000ag |||||||||||||||||spa|d | ||
| 020 | |a 9789501250596 | ||
| 082 | 0 | 4 | |a 306.342 |b KLE |2 21 |
| 100 | |a Klein, Naomi |e autor |9 580451 | ||
| 245 | 1 | 3 | |a La doctrina del shock: el auge del capitalismo del desastre |
| 250 | |a 1a. ed | ||
| 300 | |a 702 p | ||
| 942 | |c BK | ||
| 945 | |d 20150703 10:05:00 |a dcastane | ||
| 260 | |a Buenos Aires |b Paidós |c 2014 | ||
| 650 | 0 | |a Economía |9 255568 | |
| 650 | 0 | |a Capitalismo |9 255255 | |
| 650 | 0 | |a Política económica |9 255029 | |
| 650 | 0 | |a Condiciones económicas |9 258255 | |
| 583 | |a last modification |c 20150703 10:05:00 |k Rodrigo Vera | ||
| 490 | 0 | |a Paidós Bolsillo, 29 | |
| 999 | |c 359775 |d 359773 | ||
| 952 | |0 0 |1 0 |3 erb |4 0 |6 306_342000000000000_KLE_2014 |7 0 |8 A |9 469315 |a BIBGIM |b BIBGIM |i 516625K |o 306.342 KLE 2014 |p 516625K |r 2025-01-15 |w 2019-11-23 |y BK |z Catalogado en:20150703 |k COM | ||
| 952 | |0 0 |1 0 |3 erb |4 0 |6 306_342000000000000_KLE_2014 |7 0 |8 A |9 469316 |a BIBGIM |b BIBGIM |i 5166241 |o 306.342 KLE 2014 |p 5166241 |r 2025-01-15 |w 2019-11-23 |y BK |z Catalogado en:20150703 |k COM | ||